|
|
|
|
| LEADER |
000000ss a2200000 a 4500 |
| 001 |
10915 |
| 005 |
20230308222315.0 |
| 008 |
991111| ||||||||r|||||||||||spa|| |
| 040 |
|
|
|b spa
|
| 041 |
0 |
|
|a Es
|
| 082 |
0 |
|
|a 330.598
|b 752c
|
| 110 |
|
|
|a SELA, Sistema Económico Latinoamericano
|9 307347
|
| 245 |
|
|
|a Capítulos del SELA
|c SELA, Sistema Económico Latinoamericano
|h imp
|
| 264 |
|
|
|a Caracas
|b Secretaría Permanente del SELA
|c abril-junio 1991
|
| 310 |
|
|
|a trimestral
|
| 650 |
1 |
|
|a America latina
|9 878
|
| 650 |
1 |
|
|a Industrializacion
|9 120
|
| 650 |
1 |
|
|a Deuda externa
|9 869
|
| 852 |
|
|
|a UC-CDJBV
|f canje
|k sara.alvarado
|l 1
|m General
|p 19911112
|q 400.00
|t 10915
|b 0
|d CDRC
|e CDRC
|g 330.598 752c
|z 1991-11-11
|
| 942 |
|
|
|c SER
|
| 999 |
|
|
|c 140380
|d 140380
|